000 00579nam a2200193 4500
001 139071
003 ES-MaACL
005 20230906195710.0
007 t|
008 070214s1979 sp r ||||1| spa d
100 1 _aSarasa Sánchez, Esteban.
_9103763
245 1 4 _aLas Cortes de Aragón en la Edad Media /
_cEsteban Sarasa Sánchez.
260 _aZaragoza :
_bGuara,
_c1979.
300 _a130 p. ;
_c20 cm.
490 1 _aCol. básica aragonesa ;
_v17
830 0 _aCol. básica aragonesa ;
_v17
_9220195
852 _aES-MaACL
_jA-10644
_bR.99651
999 _c139071
_d139071